header

Ships' fastenings (Record no. 231711)

MARC details
000 -LEADER
fixed length control field 01454nam a2200373Ia 4500
082 04 - DEWEY DECIMAL CLASSIFICATION NUMBER
Classification number 623.8/62
100 1# - MAIN ENTRY--AUTHOR NAME
Personal name McCarthy, Mike,
245 10 - TITLE STATEMENT
Title Ships' fastenings
250 ## - EDITION STATEMENT
Edition statement 1st ed.
260 ## - PUBLICATION, DISTRIBUTION, ETC. (IMPRINT)
Place of publication College Station :
Name of publisher Texas A & M University Press,
Year of publication c2005.
300 ## - PHYSICAL DESCRIPTION
Number of Pages xi, 229 p. :
Other physical details ill.
490 1# - SERIES STATEMENT
Series statement Ed Rachal Foundation nautical archaeology series
650 #0 - SUBJECT ADDED ENTRY--TOPICAL TERM
Topical Term Fasteners
Topical Term Shipbuilding
Topical Term Hulls (Naval architecture)
Topical Term Underwater archaeology.
856 40 - ELECTRONIC LOCATION AND ACCESS
Uniform Resource Identifier http://site.ebrary.com/lib/rucke/Doc?id=10463927

No items available.

© 2026 Rongo University
Contact us: librarian | system librarian | Rongo university